000 00750nam a22002297a 4500
001 42213
003 UA-OsUOA
005 20211018211634.0
007 ta
008 20061030b un ||||| |||| 00| 0 ukr d
040 _aUA-OsUOA
_brus
_cUA-OsUOA
_dUA-OsUOA
041 _arus
080 _a82. 09(470+571)
090 _a82. 09(470+571)
_bЕ 30
100 _aЕгоров Б. Ф.
245 _aЛитературно-критическая деятельность В. Г. Белинского
_bпособие для учителя
260 _aМ.
_bПросвещение
_c1982
300 _a175 с.
650 7 _a82.09 Літературна критика. Літературні дослідження
_2UDC
942 _cBK
_2udc
955 _a1
999 _c328349
_d328349